Les épisodes d'apparition de personnages de Dragon Ball Z - Statistiques

Statistiques générales
  • Ce quiz a été pris 100 fois
  • Le résultat moyen est 11 sur 25
Statistiques - réponses
Episode Personnage % Correct
Dragon Ball, épisode 1 Son Goku
100%
Dragon Ball, épisode 1 Bulma
85%
Dragon Ball,épisode 3 Kame Sennin
65%
Dragon Ball, épisode 4 Oolong
57%
Dragon Ball, épisode 5 Yamcha
57%
Dragon Ball Z, épisode 1 Son Gohan
56%
Dragon Ball Z, épisode 5 Vegeta
53%
Dragon Ball, épisode 14 Krilin
47%
Dragon Ball, épisode 82 Chaozu
46%
Dragon Ball, épisode 7 Chichi
46%
Dragon Ball, épisode 82 Tenshinhan
46%
Dragon Ball Z, épisode 44 Freezer
43%
Dragon Ball, épisode 123 Piccolo
43%
Dragon Ball Z, épisode 133 C17
41%
Dragon Ball Z, épisode 133 C18
41%
Dragon Ball Z, épisode 141 Cell
41%
Dragon Ball Z, épisode 232 Boo
37%
Dragon Ball, épisode 126 Trunks
35%
Dragon Ball, épisode 104 Yajirobe
33%
Dragon Ball Z, épisode 201 Son Goten
28%
Dragon Ball Z, épisode 200 Videl
22%
Dragon Ball, épisode 125 Kami sama
20%
Dragon Ball Z, épisode 173 Mister Satan
15%
Dragon Ball, épisode 124 Mr Popo
13%
Dragon Ball Z, épisode 18 Maitre Kaio
9%
Aucun quiz correspondant
Distribution des résultats
% des personnes avec chaque résultat
Percentile par nombre de réponses
Votre historique - résultats
Vous n’avez pas pris ce quiz